| 000 | 00564nam a22002171a 4500 | ||
|---|---|---|---|
| 001 | 1820 | ||
| 003 | OSt | ||
| 005 | 20260204211748.0 | ||
| 008 | 040122s1997||||sp ||||||b||||||||||spa|| | ||
| 020 | _a8427712251 | ||
| 050 | _a375.0085 T11d | ||
| 082 | _a375.0085 T11d | ||
| 100 | _aZabaiza, Miguel Angel | ||
| 245 | _aDiseño y desarrollo curricular / Miguel Angel Zabaiza | ||
| 250 | _a7 | ||
| 264 | _aEspaña : Narcea | ||
| 300 | _a311 p. | ||
| 500 | _aIncluye indice y bibliografía | ||
| 650 | _a1.Currículo 2.Diseño de CurrículoÌ | ||
| 942 |
_2ddc _cBK |
||
| 999 |
_c1820 _d1820 |
||